006740000a22002770004500082002100000518001500021530000600036100002700042245006100069260003800130260000900168300001700177041000800194650001800202650001400220650001000234650002200244650001500266651001000281650001600291650001900307650001500326650002300341650002400364015000800388 a305.23bSh84pcN a2007-05-24 aM aShrestha, Saurav Kiran aPrint media coverage on children's issues; a report 2004 aLalitpurbHatemalo Sanchar, Nepal c2005 a55p.billus. aEng aSocial groups aChildrens aMedia aChildren's rights aNewspapers aNepal aGorkhapatra aAnnapurna Post aSpace Time aThe Kathmandu Post aThe Himalayan Times aNNB